000 01079nam a22003137a 4500
003 CHAP
005 20220817042330.0
008 971013s1981 r 00010 d
010 _a41134
011 _a42106
035 _a46233
040 _cCHAP
090 _aFolleto 7403
110 _aFondo de Garantía y Fomento para la Agricultura, Ganadería y Avicultura. México
_942107
245 _aParticipación del FIRA en el logro del bienestar social rural, el caso del Ejido Canan
260 _aMéxico, D.F. :
_b(s.e.),
_c1981
300 _a29 p.
_b: ilus.
590 _aBATCH-UPD
_b10
_c20130110
_lUCH01
_h1520
590 _aBATCH-UPD
_b10
_c20130410
_lUCH01
_h0932
590 _aBATCH-UPD
_b10
_c20130914
_lUCH01
_h0827
590 _aCONVERSION
_b10
_c20130109
_lUCH01
_h1323
650 1 4 _aCampesinado
_zMéxico.
650 1 4 _aCrédito agrícola
_zMéxico.
_929089
650 1 4 _aEjido Canan, Sin.
_935848
901 _aBK
942 _cFOLL
949 _aFolleto 7403
_bBC
_cFOLL
_d-105370
_eTS1
_i46233
_mD
_si
949 _aFolleto 7403
_bBC
_cFOLL
_d-105372
_eTS2
_fc.2
_i46233
_mD
_si
999 _c41134
_d41134